Statistics for Ultimate Movie Quotes Quiz

Click here to take the quiz!

General Stats

  • This quiz has been taken 7,704 times
  • The average score is 16 of 50

Answer Stats

QuoteMovie% Correct
I volunteer as tributeThe Hunger Games
87%
Heeere's Johnny!The Shining
73%
I do wish we could chat longer, but I'm having an old friend for dinnerThe Silence of the Lambs
61%
Just keep swimmingFinding Nemo
60%
Aaaaalrighty thenAce Ventura: Pet Detective
56%
Keep the change ya filthy animalHome Alone
54%
Stop trying to make fetch happenMean Girls
48%
Pay no attention to that man behind the curtainThe Wizard of Oz
48%
What's in the box?Se7en
47%
Your mother was a hamster and your father smelt of elderberriesMonty Python and the Holy Grail
46%
I've got a bad feeling about thisStar Wars
44%
This IS a tasty burgerPulp Fiction
42%
If they take my stapler then I'll set the building on fireOffice Space
42%
So you're telling me there's a chanceDumb & Dumber
37%
You're killin' me, SmallsThe Sandlot
36%
Seat's takenForrest Gump
36%
60% of the time, it works every timeAnchorman
35%
Tonight, we dine in hell!300
34%
How d'ya like them apples?Good Will Hunting
34%
I'm too old for thisLethal Weapon
32%
Hey you guuuysThe Goonies
32%
Ray, if someone asks you if you're a god you say YES!Ghostbusters
31%
Make like a tree … and get out of hereBack to the Future
31%
Go to the Winchester, have a nice cold pint, and wait for all this to blow overShaun of the Dead
30%
Have fun storming the castle!The Princess Bride
29%
It's a bold strategy Cotton. Let's see if it pays off for himDodgeball
29%
Negative ghost rider. The pattern is fullTop Gun
28%
Keep it secret. Keep it safeThe Lord of the Rings:
The Fellowship of the Ring
27%
And may their first child be a masculine childThe Godfather
27%
The files are IN the computerZoolander
27%
I like that boulder. That's a niiice boulderShrek
27%
So much space! For activities!Step Brothers
26%
B-E-A-utifulBruce Almighty
25%
Hold onto your buttsJurassic Park
24%
Game over man! Game over!Aliens
23%
Juuuusst a bit outside!Major League
22%
I award you no points, and may God have mercy on your soulBilly Madison
22%
NOT THE BEES!!!!The Wicker Man
21%
You're tearing me apart, Lisa!The Room
20%
Dishonor on you. Dishonor on your cowMulan
19%
But Brawndo's got what plants crave. It's got electrolytesIdiocracy
17%
This guy's a gangster? His real name's Clarence8 Mile
16%
It'd be a lot cooler if you didDazed and Confused
15%
On a long enough timeline, the survival rate for everyone drops to zeroFight Club
14%
I'm a cop, you idiotKindergarten Cop
12%
Once again things that could have been brought to my attention YESTERDAYThe Wedding Singer
11%
I have to return some video tapesAmerican Psycho
11%
I'm just one stomach flu away from my goal weightThe Devil Wears Prada
10%
Buncha savages in this townClerks
10%
I once thought I had mono for an entire year. It turned out
I was just really bored
Wayne's World
8%

Score Distribution

Percentile by Number Answered

Percent of People with Each Score

Your Score History

You have not taken this quiz